Sports qui ont rapporté des médailles à la France lors des JO 2024 - Statistiques

Statistiques générales
  • Ce quiz a été pris 178 fois
  • Le résultat moyen est 7 sur 12
Statistiques - réponses
Nombre de médailles d'or Sport % Correct
4 Natation
94%
2 Judo
89%
1 Escrime
72%
1 Cyclisme sur piste
65%
1 Rugby à 7
63%
1 Volley-ball
63%
1 BMX
58%
1 Triathlon
54%
1 VTT
51%
1 Canoë slalom
49%
1 Surf
37%
1 Taekwondo
33%
Aucun quiz correspondant
Distribution des résultats
% des personnes avec chaque résultat
Percentile par nombre de réponses
Votre historique - résultats
Vous n’avez pas pris ce quiz